Die Top 16 der Darts Order of Merit 2022 - Statistiken

Allgemein
  • Dieses Quiz wurde 142 mal gespielt
  • Das Durchschnittsergebnis liegt bei 13 aus 16
Antwortstatistiken
Weltranglistenplatz Land Dartsspieler % Korrekt
3 Niederlande Michael van Gerwen
100%
1 Wales Gerwyn Price
99%
4 England Michael Smith
97%
2 Schottland Peter Wright
97%
11 Schottland Gary Anderson
94%
15 Belgien Dimitri van den Bergh
91%
7 Wales Jonny Clayton
86%
6 England Rob Cross
81%
8 England James Wade
79%
9 Niederlande Danny Noppert
74%
5 England Luke Humphries
74%
14 Niederlande Dirk van Duijvenbode
71%
13 England Joe Cullen
70%
10 England Nathan Aspinall
68%
12 England Dave Chisnall
61%
16 England Ryan Searle
42%
Keine übereinstimmenden Quizze gefunden
Verteilung der Resultate
Anzahl Personen mit jedem Resultat
Perzentil nach korrekt beantworteten Fragen
Ihre Resultats-Entwicklung
Sie haben dieses Quiz noch nicht gespielt